Sipurim la-shikhvah ha-tseʻirah : (Record no. 31580)

MARC details
000 -LEADER
fixed length control field 00750cam a22002291 4500
001 - CONTROL NUMBER
control field he 66000452
003 - CONTROL NUMBER IDENTIFIER
control field DLC
005 - DATE AND TIME OF LATEST TRANSACTION
control field 20260227111436.0
008 - FIXED-LENGTH DATA ELEMENTS--GENERAL INFORMATION
fixed length control field 840711s1965 is j 000 0 heb
010 ## - LIBRARY OF CONGRESS CONTROL NUMBER
LC control number he 66000452
035 ## - SYSTEM CONTROL NUMBER
System control number (OCoLC)19177716
040 ## - CATALOGING SOURCE
Original cataloging agency DLC
Transcribing agency MH
Modifying agency DLC
042 ## - AUTHENTICATION CODE
Authentication code premarc
050 00 - LIBRARY OF CONGRESS CALL NUMBER
Classification number PZ90.H3
Item number Z3
245 00 - TITLE STATEMENT
Title Sipurim la-shikhvah ha-tseʻirah :
Remainder of title ʻaliyah ṿe-haʻpalah, gevurat yeladim ṿa-noʻar...
260 ## - PUBLICATION, DISTRIBUTION, ETC.
Place of publication, distribution, etc. Jerusalem :
Name of publisher, distributor, etc. ha-Moʻetsah le-ʻinyene tenuʻot ha-noʻar shele-yad Miśrad ha-ḥinukh ṿeha-tarbut,
Date of publication, distribution, etc. 725[1965]
300 ## - PHYSICAL DESCRIPTION
Extent 64 p. :
Other physical details ill. ;
Dimensions 22 cm.
490 0# - SERIES STATEMENT
Series statement ha-Sifriyah la-madrikh
650 #0 - SUBJECT ADDED ENTRY--TOPICAL TERM
Topical term or geographic name entry element Children's stories, Hebrew.
700 1# - ADDED ENTRY--PERSONAL NAME
Personal name Zamran, David,
Relator term ed.
752 ## - ADDED ENTRY--HIERARCHICAL PLACE NAME
Country or larger entity Israel
City Jerusalem

No items available.

Powered by Koha